| 000 | 00510nam a22001817a 4500 | ||
|---|---|---|---|
| 999 |
_c5106 _d5106 |
||
| 003 | AR-CdUCM | ||
| 008 | 190312b ||||| |||| 00| 0 spa d | ||
| 040 |
_aMUNICIPALIDAD PROVINCIAL DEL CUSCO _cBIBLIOTECA MUNICIPAL DEL CUSCO |
||
| 082 |
_a869.56 / _bR17 |
||
| 100 |
_aRamires, Rene _915538 |
||
| 245 | _aNarración / | ||
| 260 |
_aCusco : _c1970. |
||
| 300 |
_a56 paginas ; _c16 cm. |
||
| 505 | _aContenido : Narraciones / | ||
| 650 |
_aNarraciones peruanas _915539 |
||
| 942 |
_2ddc _cLIBROS |
||
| 945 | _arjall | ||